000
00234nam a2200097Ia 4500
008
190216s9999||||xx |||||||||||||| ||und||
100
_a
Null
245
0
_a
Hindi-Hindi Gal Samgrah
260
_b
English Language Book Society
942
_c
BK
999
_c
17506
_d
17506